serun
ՀԱՅ ԳԻՐՔ = Armenian Book

Մովսես. Իսրայելացիներին ազատագրողը : (Record no. 165457)

000 -LEADER
fixed length control field nam a22 a 4500
003 - CONTROL NUMBER IDENTIFIER
control field AM-YeNLA
005 - DATE AND TIME OF LATEST TRANSACTION
control field 20251210135731.0
007 - PHYSICAL DESCRIPTION FIXED FIELD--GENERAL INFORMATION
fixed length control field ta
008 - FIXED-LENGTH DATA ELEMENTS--GENERAL INFORMATION
fixed length control field 251210s2023 ai ||||gr|||||000|0|arm||
020 ## - INTERNATIONAL STANDARD BOOK NUMBER
International Standard Book Number 978-9939-876-66-5
040 ## - CATALOGING SOURCE
Language of cataloging arm
Transcribing agency AM-YeNLA
041 0# - LANGUAGE CODE
Language code of text/sound track or separate title arm
100 1# - MAIN ENTRY--PERSONAL NAME
Personal name Պանայոտիս Ն․ Տրեմբելա
245 10 - TITLE STATEMENT
Title Մովսես. Իսրայելացիներին ազատագրողը :
Number of part/section of a work Մաս 2 /
Statement of responsibility, etc. Ն․Տ․ Պանայոտիս ; Խմբ՝ Եզնիկ Արք. Պետրոսյան ; Թարգմ.՝ Էդգար Ծատուրյան.
260 ## - PUBLICATION, DISTRIBUTION, ETC. (IMPRINT)
Place of publication, distribution, etc. Երևան :
Name of publisher, distributor, etc. Հայաստանի աստվածաշնչային ընկերություն,
Date of publication, distribution, etc. 2022.
300 ## - PHYSICAL DESCRIPTION
Extent 168 էջ ;
Dimensions 20 սմ.
650 14 - SUBJECT ADDED ENTRY--TOPICAL TERM
Topical term or geographic name as entry element Կրոն
650 14 - SUBJECT ADDED ENTRY--TOPICAL TERM
Topical term or geographic name as entry element Աստվածաշնչյան պատմություններ
700 1# - ADDED ENTRY--PERSONAL NAME
Personal name Պետրոսյան, Եզնիկ
Relator term խմբ.
Relator code edt
700 1# - ADDED ENTRY--PERSONAL NAME
Personal name Ծատուրյան, Էդգար
Relator term թարգմ.
Relator code trl
942 ## - ADDED ENTRY ELEMENTS (KOHA)
Source of classification or shelving scheme
Koha item type Books
Holdings
Withdrawn status Lost status Source of classification or shelving scheme Damaged status Not for loan Permanent Location Current Location Date acquired Date last seen Price effective from Koha item type
          National Library of Armenia National Library of Armenia 2025-12-10 2025-12-10 2025-12-10 Books

Հայաստանի ազգային գրադարան ՀՀ, 0009,Երևան, Տերյան 72
Հետադարձ կապ